000 00465nam a2200181Ia 4500
001 19210
005 20260306171727.0
008 260306s9999||||xx |||||||||||||| ||und||
041 _aESP
082 _a658.802
_bB24
100 _aBarker, Melissa S.
_eAUT
245 0 _aMarketing para medios sociales:
_bun planteamiento estratégico
260 _c2015
300 _axxi, 373 páginas :
_c27 cm.
650 _aGEN
654 _aCAN
942 _cLIB
_dJUS
_fJUS
_2ddc
_n
999 _c19210
_d19210